<?xml version="1.0" encoding="UTF-8"?><?xml-stylesheet type="text/xsl" href="static/style.xsl"?><OAI-PMH xmlns="http://www.openarchives.org/OAI/2.0/" xmlns:xsi="http://www.w3.org/2001/XMLSchema-instance" xsi:schemaLocation="http://www.openarchives.org/OAI/2.0/ http://www.openarchives.org/OAI/2.0/OAI-PMH.xsd"><responseDate>2026-06-02T11:38:04Z</responseDate><request verb="GetRecord" identifier="oai:riuma.uma.es:10630/4595" metadataPrefix="marc">https://riuma.uma.es/rest/oai/request</request><GetRecord><record><header><identifier>oai:riuma.uma.es:10630/4595</identifier><datestamp>2026-02-03T11:34:57Z</datestamp><setSpec>com_10630_2254</setSpec><setSpec>col_10630_37953</setSpec></header><metadata><record xmlns="http://www.loc.gov/MARC21/slim" xmlns:dcterms="http://purl.org/dc/terms/" xmlns:doc="http://www.lyncode.com/xoai" xmlns:xsi="http://www.w3.org/2001/XMLSchema-instance" xsi:schemaLocation="http://www.loc.gov/MARC21/slim http://www.loc.gov/standards/marcxml/schema/MARC21slim.xsd">
   <leader>00925njm 22002777a 4500</leader>
   <datafield ind2=" " ind1=" " tag="042">
      <subfield code="a">dc</subfield>
   </datafield>
   <datafield ind2=" " ind1=" " tag="720">
      <subfield code="a">Marchant-Rivera, Alicia</subfield>
      <subfield code="e">author</subfield>
   </datafield>
   <datafield ind2=" " ind1=" " tag="260">
      <subfield code="c">2011</subfield>
   </datafield>
   <datafield ind2=" " ind1=" " tag="520">
      <subfield code="a">La historiografía del siglo XIX vinculada al cementerio inglés de la ciudad de Málaga se escinde en dos claras vertientes; la primera, integrada por la visión inmediata que emana de los diarios del cónsul fundador, William Mark,&#xd;
y por las noticias inferidas de las aportaciones del Libro de defunciones del Consulado británico; la segunda, plenamente romántica, es la constituida por las dulces y nostálgicas reflexiones -en su mayoría- registradas por la pluma de los numerosos viajeros y viajeras que permanecían durante días, semanas, meses e incluso años en Málaga. Para ellos, la visita al cementerio británico llegó a convertirse en punto de encuentro insoslayable entre el viajero y la esencia de la ciudad.</subfield>
   </datafield>
   <datafield ind1="8" ind2=" " tag="024">
      <subfield code="a">http://hdl.handle.net/10630/4595</subfield>
   </datafield>
   <datafield ind1="8" ind2=" " tag="024">
      <subfield code="a">http://orcid.org/0000-0002-1153-1734</subfield>
   </datafield>
   <datafield tag="653" ind2=" " ind1=" ">
      <subfield code="a">Literatura de viajes - Autoras - S. XIX</subfield>
   </datafield>
   <datafield tag="653" ind2=" " ind1=" ">
      <subfield code="a">Málaga - Descripción y viajes - S. XIX</subfield>
   </datafield>
   <datafield tag="653" ind2=" " ind1=" ">
      <subfield code="a">Cementerios - Málaga - Historia - Fuentes</subfield>
   </datafield>
   <datafield ind2="0" ind1="0" tag="245">
      <subfield code="a">Escritura femenina y viajera: visiones de Lady E. Mary Grosvenor, Louise M. A. Tenison, M. C. Jackson y Olive Patch sobre el cementerio inglés de Málaga</subfield>
   </datafield>
</record>
</metadata></record></GetRecord></OAI-PMH>